Random general knowledge #002 - Statistics

General Stats
  • This quiz has been taken 49 times
  • The average score is 9 of 15
Answer Stats
Hint Answer % Correct
Where did sushi originate Japan
98%
The Biggest Country Russia
98%
The L in LGBTQRA+ Lesbian
89%
Country of birth of Elon Musk South Africa
89%
Most Common Surname in the USA Smith
87%
CEO of Apple Steve jobs
81%
What is the capital of New Zealand Wellington
66%
How many bones are in the ear 3
60%
What is the tallest type of tree Redwood
60%
Most subscribed-to Youtuber Mrbeast
57%
Most streamed person on Spotify Drake
32%
How many elements are in the periodic table 118 / one hundred and eighteen
30%
What is the fastest bird Peregrine Falcon
28%
What year was Cinderella released 1950
26%
What is the biggest muscle in the human body Butt / gluteus maximus / ass / butthole / bum cheeks
26%
No matching quizzes found
Score Distribution
Percent of People with Each Score
Percentile by Number Answered
Your Score History
You have not taken this quiz